Welcome to Marium Abdulla Library

Embrace knowledge with a breath of fresh air.

Browse Collection

Marium Abdulla Library

The sun that rose from the earth = (Record no. 9078)

MARC details
000 -LEADER
fixed length control field 00356nam a2200145Ia 4500
001 - CONTROL NUMBER
control field 14155
005 - DATE AND TIME OF LATEST TRANSACTION
control field 20250626030244.0
008 - FIXED-LENGTH DATA ELEMENTS--GENERAL INFORMATION
fixed length control field 211022s9999 xx 000 0 und d
020 ## - INTERNATIONAL STANDARD BOOK NUMBER
International Standard Book Number 9780670086917
082 ## - DEWEY DECIMAL CLASSIFICATION NUMBER
Classification number 891.43937 FAR
100 ## - MAIN ENTRY--PERSONAL NAME
Personal name Fārūqī, Shamsurraḥmān,
245 #4 - TITLE STATEMENT
Title The sun that rose from the earth =
300 ## - PHYSICAL DESCRIPTION
Extent 609 pages ;
942 ## - ADDED ENTRY ELEMENTS (KOHA)
Koha item type Book
Holdings
Date last seen Total checkouts Full call number Barcode Date last checked out Price effective from Koha item type Lost status Damaged status Not for loan Collection Withdrawn status Home library Current library Shelving location Date acquired Source of acquisition Cost, normal purchase price
09/28/2023 1 891.43937 FAR 14155 09/27/2023 10/26/2021 Book       Liberal Arts   Marium Abdulla Library Marium Abdulla Library Non-Ref 04/04/2019 Madiha Aijaz 1000.00